| 000 | 00645nam a2200193 a 4500 | ||
|---|---|---|---|
| 001 | 8607 | ||
| 003 | CO-ViMGA | ||
| 008 | 141112s2004 ck r 000 u spa d | ||
| 040 |
_aCO-ViMGA _bspa _cCO-ViMGA |
||
| 082 | 0 | 4 | _a338.9861 C65s |
| 100 | 1 |
_aSAMPER PIZANO, ERNESTO _98491 |
|
| 245 | 1 | 0 |
_aEL SALTO SOCIAL : _bPLAN NACIONAL DE DESARROLLO / _cSAMPER PIZANO ERNESTO |
| 260 |
_aBogotá, _cPRESIDENCIA DE LA REPUBLICA, _c1994 |
||
| 300 | _a368 p., cuadros | ||
| 590 | _aForma de adquisición : DONACION - - Ejemplares : 2 | ||
| 650 | 1 | 4 |
_aCOLOMBIA - Política, 1994 - 1998 _98492 |
| 650 | 1 | 4 |
_aPLAN DE DESARROLLO - SAMPER _98493 |
| 942 |
_2ddc _cBK |
||
| 999 |
_c20248 _d20248 |
||